00258nam a2200109Ia 4500008004100000100002000041245002900061260002200090650001200112942000700124999001700131190216s9999||||xx |||||||||||||| ||und|| aBisluser Prasad 0aIndian National Movement bPeoples Pub.House aHistory cBK c19009d19009